[Event "Speed Chess (Women) GP1"]
[Site "Chess.com INT"]
[Date "2020.06.25"]
[Round "2.8"]
[White "Pham, Le Thao Nguyen"]
[Black "Kosteniuk, Alexandra"]
[Result "0-1"]
[WhiteElo "2366"]
[BlackElo "2471"]
[PlyCount "118"]
[EventDate "2020.06.24"]
[EventType "k.o. (blitz)"]
[EventRounds "4"]
[EventCountry "USA"]
[SourceTitle "CBM 197 Extra"]
[Source "ChessBase"]
[SourceDate "2020.09.30"]
[SourceVersion "1"]
[SourceVersionDate "2020.09.30"]
[SourceQuality "1"]

1. d4 Nf6 2. Nf3 b6 3. Bg5 Bb7 4. e3 Ne4 5. Bh4 h6 6. Nbd2 g5 7. Nxe4 Bxe4 8.
Bg3 d6 9. h3 Bg7 10. Bd3 Bb7 11. c3 Nd7 12. Qe2 c5 13. Nd2 Bxg2 14. Rg1 Bb7 15.
h4 Qc7 16. O-O-O O-O-O 17. Kb1 Kb8 18. f4 gxf4 19. Bxf4 Bf6 20. Qh2 e5 21. Bg3
Rde8 22. Rdf1 Re7 23. Ne4 Bg7 24. Nd2 f6 25. Bf5 Rhe8 26. Qf2 d5 27. Re1 Ka8
28. a3 Nb8 29. Ka1 Nc6 30. Bc2 cxd4 31. exd4 Nxd4 32. Bg6 Nc6 33. Bxe8 Rxe8 34.
Bh2 Bf8 35. Qxf6 Bd6 36. Rg7 Qd8 37. Qxh6 d4 38. Nc4 dxc3 39. Qxd6 cxb2+ 40.
Kxb2 Qxh4 41. Bxe5 Qxe1 42. Rxb7 Qe2+ 43. Kb3 Qf3+ 44. Ka4 Nxe5 45. Rc7 Nxc4
46. Rxc4 Qb7 47. Rc7 Qa6+ 48. Kb3 Re3+ 49. Rc3 Qb5+ 50. Kc2 Qe2+ 51. Kb3 Qb5+
52. Kc2 Rxc3+ 53. Kxc3 Kb7 54. Qe7+ Ka6 55. Qe6 Qc5+ 56. Kb3 Qb5+ 57. Kc3 Qf1
58. Qc8+ Ka5 59. Qf5+ Qxf5 0-1

[Event "Speed Chess (Women) GP1"]
[Site "Chess.com INT"]
[Date "2020.06.25"]
[Round "2.9"]
[White "Kosteniuk, Alexandra"]
[Black "Pham, Le Thao Nguyen"]
[Result "1-0"]
[WhiteElo "2471"]
[BlackElo "2366"]
[PlyCount "125"]
[EventDate "2020.06.24"]
[EventType "k.o. (blitz)"]
[EventRounds "4"]
[EventCountry "USA"]
[SourceTitle "CBM 197 Extra"]
[Source "ChessBase"]
[SourceDate "2020.09.30"]
[SourceVersion "1"]
[SourceVersionDate "2020.09.30"]
[SourceQuality "1"]

1. Nf3 d5 2. g3 c6 3. Bg2 Bg4 4. O-O Nd7 5. d4 Ngf6 6. h3 Bh5 7. c4 e6 8. cxd5
cxd5 9. Qb3 Qb6 10. Nc3 Bd6 11. g4 Bg6 12. Nb5 Bb8 13. Qa4 O-O 14. Nc3 a6 15.
g5 Ne4 16. Qxd7 Rd8 17. Qa4 Bh5 18. Re1 Qd6 19. Kf1 Bxf3 20. exf3 Nxc3 21. bxc3
Qh2 22. Be3 Bd6 23. Qb3 b5 24. Qc2 Rdc8 25. Qd3 Rc4 26. Rac1 Rac8 27. Rc2 b4
28. Rec1 g6 29. cxb4 Rxc2 30. Rxc2 Rxc2 31. Qxc2 Bxb4 32. Qc8+ Kg7 33. Qxa6 Qc7
34. Qd3 Qa5 35. Qc2 Bd6 36. h4 Qb5+ 37. Kg1 Qb8 38. Bf1 Qd8 39. f4 Qb8 40. a4
Bxf4 41. Bxf4 Qxf4 42. Qd3 Qxh4 43. a5 Qxg5+ 44. Bg2 Qc1+ 45. Qf1 Qa3 46. a6 h5
47. Qe2 h4 48. Qe5+ Kh7 49. Qf6 Kg8 50. Qd8+ Kg7 51. Qxh4 Qxa6 52. Qf4 Qd3 53.
Bf1 Qd1 54. Qe5+ Kg8 55. Qf4 Qh5 56. Kg2 g5 57. Qg3 Kg7 58. Qe5+ Kg6 59. Be2
Qh4 60. Bd3+ Kh5 61. Qh8+ Kg4 62. f3+ Kf4 63. Qe5# 1-0

[Event "Speed Chess (Women) GP1"]
[Site "Chess.com INT"]
[Date "2020.06.25"]
[Round "2.10"]
[White "Pham, Le Thao Nguyen"]
[Black "Kosteniuk, Alexandra"]
[Result "1-0"]
[WhiteElo "2366"]
[BlackElo "2471"]
[PlyCount "107"]
[EventDate "2020.06.24"]
[EventType "k.o. (blitz)"]
[EventRounds "4"]
[EventCountry "USA"]
[SourceTitle "CBM 197 Extra"]
[Source "ChessBase"]
[SourceDate "2020.09.30"]
[SourceVersion "1"]
[SourceVersionDate "2020.09.30"]
[SourceQuality "1"]

1. d4 Nf6 2. Nf3 b6 3. Bf4 Bb7 4. Nbd2 g6 5. h3 Bg7 6. e3 d6 7. Be2 O-O 8. O-O
Nbd7 9. a4 a5 10. Bh2 Re8 11. Bb5 c6 12. Bd3 Qc7 13. c3 e5 14. e4 Ba6 15. Bxa6
Rxa6 16. Re1 Raa8 17. Qb3 Rad8 18. Re2 Re7 19. Rae1 h6 20. Nc4 exd4 21. Bxd6
Nc5 22. Bxc7 Nxb3 23. Bxd8 Rd7 24. Bxf6 Bxf6 25. cxd4 Nxd4 26. Nxd4 Rxd4 27.
Nxb6 Rb4 28. Nd7 Bd4 29. Rd2 c5 30. Rc1 Rxa4 31. Nxc5 Rb4 32. Nd3 Rb3 33. Ra1
Rb5 34. Ra4 Bg7 35. Kf1 g5 36. Ke2 Kh7 37. Rc2 Kg6 38. Rc5 Rb3 39. Raxa5 Rb6
40. Ra4 Bf8 41. Rac4 Bxc5 42. Rxc5 f6 43. b4 h5 44. Rc2 Rb5 45. Rb2 Kf7 46. Ke3
Ke6 47. Kd4 Kd6 48. Kc4 Kc6 49. Nc5 h4 50. f3 Rb8 51. b5+ Kd6 52. b6 Kc6 53. b7
Kc7 54. Na6+ 1-0

[Event "Speed Chess (Women) GP1"]
[Site "Chess.com INT"]
[Date "2020.06.26"]
[Round "3.1"]
[White "Kosteniuk, Alexandra"]
[Black "Gunina, Valentina"]
[Result "1-0"]
[WhiteElo "2471"]
[BlackElo "2431"]
[PlyCount "79"]
[EventDate "2020.06.24"]
[EventType "k.o. (blitz)"]
[EventRounds "4"]
[EventCountry "USA"]
[SourceTitle "CBM 197 Extra"]
[Source "ChessBase"]
[SourceDate "2020.09.30"]
[SourceVersion "1"]
[SourceVersionDate "2020.09.30"]
[SourceQuality "1"]

1. e4 c6 2. Nf3 d5 3. Nc3 Bg4 4. h3 Bxf3 5. Qxf3 Nf6 6. g3 e6 7. Bg2 Nbd7 8. d4
dxe4 9. Nxe4 Nxe4 10. Qxe4 Nf6 11. Qd3 Be7 12. O-O O-O 13. a4 a5 14. Bf4 Qb6
15. c3 Rad8 16. Qc2 Rfe8 17. Rad1 Nd5 18. Bc1 Bf6 19. Kh2 Qc7 20. f4 Ne7 21.
Qf2 g6 22. Rfe1 Nf5 23. Be4 Kg7 24. Bc2 h5 25. Rd2 b5 26. Rde2 Rb8 27. axb5
cxb5 28. d5 Qd7 29. dxe6 fxe6 30. Rd1 Qc7 31. Qe1 Qf7 32. Bb3 h4 33. g4 Ng3 34.
Rxe6 Qa7 35. Be3 Qb7 36. Bf2 Qf3 37. Rd7+ Kh6 38. g5+ Bxg5 39. fxg5+ Kh5 40.
Bd1 1-0

[Event "Speed Chess (Women) GP1"]
[Site "Chess.com INT"]
[Date "2020.06.26"]
[Round "3.2"]
[White "Gunina, Valentina"]
[Black "Kosteniuk, Alexandra"]
[Result "1-0"]
[WhiteElo "2431"]
[BlackElo "2471"]
[PlyCount "149"]
[EventDate "2020.06.24"]
[EventType "k.o. (blitz)"]
[EventRounds "4"]
[EventCountry "USA"]
[SourceTitle "CBM 197 Extra"]
[Source "ChessBase"]
[SourceDate "2020.09.30"]
[SourceVersion "1"]
[SourceVersionDate "2020.09.30"]
[SourceQuality "1"]

1. d4 Nf6 2. c4 e6 3. Nf3 b6 4. Bf4 Bb7 5. e3 g6 6. Nc3 Bg7 7. Be2 d6 8. h3 O-O
9. O-O Nbd7 10. Bh2 Re8 11. Qc2 e5 12. dxe5 dxe5 13. Rad1 Qc8 14. Nd5 c6 15.
Nxf6+ Bxf6 16. Nd2 Qc7 17. Ne4 Be7 18. Rd2 f5 19. Nc3 Bf6 20. Rfd1 Nf8 21. c5
b5 22. g4 Bc8 23. Rd6 Bg7 24. Bf3 e4 25. Bg2 Qb7 26. Ne2 Be6 27. gxf5 Bxf5 28.
Nd4 Bxd4 29. R6xd4 Qe7 30. Bg3 Ne6 31. Rd6 Ng5 32. Rxc6 Rac8 33. Rxc8 Rxc8 34.
Qb3+ Be6 35. Qxb5 Rxc5 36. Qb8+ Rc8 37. Qe5 Re8 38. Kh2 Nf3+ 39. Bxf3 exf3 40.
b3 h6 41. Rd6 Bf7 42. Qf4 g5 43. Qxf3 Kh7 44. Qf5+ Kg8 45. Qd3 Qe4 46. Qxe4
Rxe4 47. Rd7 a5 48. Ra7 a4 49. bxa4 Bxa2 50. a5 Ra4 51. Be5 Bd5 52. Bd4 Kf8 53.
Kg3 h5 54. h4 g4 55. Kf4 Ra2 56. e4 Bf7 57. Kg5 Ra4 58. Bc5+ Kg8 59. Kf6 Rxe4
60. a6 Rf4+ 61. Ke5 Ra4 62. Ra8+ Kh7 63. a7 Bg6 64. Rd8 Be4 65. Rd7+ Kg6 66.
Rd6+ Kf7 67. Rd7+ Kg6 68. Bd4 Bf3 69. Ke6 Ra6+ 70. Ke7 Kf5 71. Kf8 Ke4 72. Be3
Kf5 73. Rf7+ Kg6 74. Rg7+ Kf6 75. Rh7 1-0

[Event "Speed Chess (Women) GP1"]
[Site "Chess.com INT"]
[Date "2020.06.26"]
[Round "3.3"]
[White "Kosteniuk, Alexandra"]
[Black "Gunina, Valentina"]
[Result "1-0"]
[WhiteElo "2471"]
[BlackElo "2431"]
[PlyCount "143"]
[EventDate "2020.06.24"]
[EventType "k.o. (blitz)"]
[EventRounds "4"]
[EventCountry "USA"]
[SourceTitle "CBM 197 Extra"]
[Source "ChessBase"]
[SourceDate "2020.09.30"]
[SourceVersion "1"]
[SourceVersionDate "2020.09.30"]
[SourceQuality "1"]

1. e4 Nf6 2. e5 Nd5 3. d4 d6 4. c4 Nb6 5. exd6 exd6 6. Nf3 Be7 7. h3 Bf5 8. Nc3
O-O 9. Be2 N8d7 10. O-O Re8 11. Be3 Nf8 12. c5 Nbd7 13. b4 c6 14. Qb3 Nf6 15.
b5 dxc5 16. dxc5 Ne6 17. Rfd1 Qa5 18. Ne5 Qc7 19. Nxf7 Kxf7 20. g4 Bg6 21. Bc4
Qe5 22. Bd4 Qg5 23. Bxe6+ Kf8 24. Be3 Qh4 25. Kg2 cxb5 26. Bf4 h5 27. Bg3 Qg5
28. f4 Qxc5 29. f5 b4 30. Nd5 Nxd5 31. Rxd5 Qc6 32. fxg6 Qxe6 33. Rf1+ Kg8 34.
Re1 Qxg6 35. Rd6+ Qf7 36. Qxf7+ Kxf7 37. Rd7 Rac8 38. Bh4 Rc2+ 39. Kg1 hxg4 40.
hxg4 Rxa2 41. Rexe7+ Rxe7 42. Rxe7+ Kg6 43. Rxb7 a5 44. Rb6+ Kf7 45. g5 g6 46.
Bf2 Rd2 47. Rb5 Ke6 48. Rxa5 b3 49. Rb5 b2 50. Kg2 Rd5 51. Rxb2 Rxg5+ 52. Kf3
Rf5+ 53. Ke2 Re5+ 54. Be3 Kf5 55. Rb8 g5 56. Rf8+ Kg4 57. Rg8 Kg3 58. Kd3 g4
59. Bd4 Re6 60. Rg5 Kh3 61. Rh5+ Kg2 62. Be5 g3 63. Rg5 Kh3 64. Rxg3+ Kh4 65.
Re3 Kg4 66. Ke4 Re8 67. Rg3+ Kh4 68. Rg7 Kh5 69. Kf5 Kh6 70. Rb7 Rf8+ 71. Bf6
Rg8 72. Rb1 1-0

[Event "Speed Chess (Women) GP1"]
[Site "Chess.com INT"]
[Date "2020.06.26"]
[Round "3.4"]
[White "Gunina, Valentina"]
[Black "Kosteniuk, Alexandra"]
[Result "1-0"]
[WhiteElo "2431"]
[BlackElo "2471"]
[PlyCount "79"]
[EventDate "2020.06.24"]
[EventType "k.o. (blitz)"]
[EventRounds "4"]
[EventCountry "USA"]
[SourceTitle "CBM 197 Extra"]
[Source "ChessBase"]
[SourceDate "2020.09.30"]
[SourceVersion "1"]
[SourceVersionDate "2020.09.30"]
[SourceQuality "1"]

1. d4 Nf6 2. c4 e6 3. Nf3 b6 4. Bf4 Bb7 5. e3 Bb4+ 6. Nfd2 O-O 7. a3 Be7 8. Nc3
d6 9. Bd3 Nbd7 10. Qc2 e5 11. Bg3 Re8 12. O-O-O Bf8 13. Bh4 Be7 14. f3 c5 15.
d5 a6 16. g4 Nf8 17. Bg3 b5 18. h4 b4 19. Ncb1 bxa3 20. Nxa3 Rb8 21. h5 Bc8 22.
g5 N6d7 23. f4 exf4 24. exf4 Nb6 25. Rde1 Bd7 26. Nab1 Qc7 27. Ne4 Bf5 28. Nf6+
Bxf6 29. gxf6 Bxd3 30. Qxd3 Nfd7 31. Bh4 Rxe1+ 32. Rxe1 Na4 33. b3 Qa5 34. Qg3
g6 35. hxg6 hxg6 36. f5 Ne5 37. Rxe5 dxe5 38. fxg6 Nc3 39. gxf7+ Kxf7 40. Qg7+
1-0

[Event "Speed Chess (Women) GP1"]
[Site "Chess.com INT"]
[Date "2020.06.26"]
[Round "3.5"]
[White "Kosteniuk, Alexandra"]
[Black "Gunina, Valentina"]
[Result "0-1"]
[WhiteElo "2471"]
[BlackElo "2431"]
[PlyCount "74"]
[EventDate "2020.06.24"]
[EventType "k.o. (blitz)"]
[EventRounds "4"]
[EventCountry "USA"]
[SourceTitle "CBM 197 Extra"]
[Source "ChessBase"]
[SourceDate "2020.09.30"]
[SourceVersion "1"]
[SourceVersionDate "2020.09.30"]
[SourceQuality "1"]

1. e4 c6 2. Nf3 d5 3. Nc3 Bg4 4. h3 Bxf3 5. Qxf3 e6 6. g3 Bc5 7. Bg2 Ne7 8. O-O
Nd7 9. d3 O-O 10. Qg4 Ne5 11. Qe2 N5g6 12. Kh2 Qc7 13. f4 f5 14. e5 b5 15. Nb1
d4 16. Nd2 Bb6 17. Nf3 h6 18. Bd2 Nd5 19. c3 c5 20. cxd4 cxd4 21. Rfc1 Qd7 22.
Ne1 Rac8 23. Nc2 a5 24. Qf2 Nge7 25. a4 b4 26. Qe2 Rc7 27. Ne1 Rxc1 28. Bxc1
Rc8 29. Bd2 Rc7 30. Qd1 Ne3 31. Bxe3 dxe3 32. Qb3 Kh7 33. Nf3 Nd5 34. d4 Qc8
35. Ne1 Rc1 36. Rxc1 Qxc1 37. Nd3 Qd2 0-1

[Event "Speed Chess (Women) GP1"]
[Site "Chess.com INT"]
[Date "2020.06.26"]
[Round "3.6"]
[White "Gunina, Valentina"]
[Black "Kosteniuk, Alexandra"]
[Result "1-0"]
[WhiteElo "2431"]
[BlackElo "2471"]
[PlyCount "27"]
[EventDate "2020.06.24"]
[EventType "k.o. (blitz)"]
[EventRounds "4"]
[EventCountry "USA"]
[SourceTitle "CBM 197 Extra"]
[Source "ChessBase"]
[SourceDate "2020.09.30"]
[SourceVersion "1"]
[SourceVersionDate "2020.09.30"]
[SourceQuality "1"]

1. d4 Nf6 2. c4 e6 3. Nf3 d5 4. Nc3 dxc4 5. e4 Bb4 6. Bxc4 c5 7. O-O O-O 8. e5
Nfd7 9. Ne4 cxd4 10. Bg5 Qc7 11. Bd3 Nxe5 12. Nxe5 Qxe5 13. f4 Qa5 14. a3 1-0

[Event "Speed Chess (Women) GP1"]
[Site "Chess.com INT"]
[Date "2020.06.26"]
[Round "3.7"]
[White "Kosteniuk, Alexandra"]
[Black "Gunina, Valentina"]
[Result "0-1"]
[WhiteElo "2471"]
[BlackElo "2431"]
[PlyCount "120"]
[EventDate "2020.06.24"]
[EventType "k.o. (blitz)"]
[EventRounds "4"]
[EventCountry "USA"]
[SourceTitle "CBM 197 Extra"]
[Source "ChessBase"]
[SourceDate "2020.09.30"]
[SourceVersion "1"]
[SourceVersionDate "2020.09.30"]
[SourceQuality "1"]

1. e4 Nf6 2. e5 Nd5 3. d4 d6 4. Nf3 dxe5 5. Nxe5 c6 6. Bc4 Bf5 7. O-O e6 8. Bb3
Nd7 9. c4 N5f6 10. Nf3 Bd6 11. h3 O-O 12. Nc3 h6 13. Re1 Qc7 14. c5 Be7 15. Ne2
Bh7 16. Bf4 Qa5 17. Qc1 Rfd8 18. Ng3 Nf8 19. Be3 b6 20. Ne5 Rac8 21. cxb6 Qxb6
22. Nc4 Qb5 23. Ne2 Nd5 24. Nc3 Qb8 25. Ne5 Nxc3 26. Qxc3 Bb4 27. Qc4 Bxe1 28.
Rxe1 Qb5 29. Qc1 Ng6 30. Nf3 Ne7 31. Ne5 Ng6 32. Nf3 Qh5 33. Bd2 c5 34. dxc5
Rxc5 35. Bc3 Ne7 36. Qe3 Rcc8 37. Bxe6 Nd5 38. Bxd5 Qxd5 39. Qxa7 Be4 40. Ne5
Re8 41. f3 Bf5 42. Qf2 f6 43. Ng4 Rxe1+ 44. Qxe1 Bxg4 45. hxg4 Qxa2 46. Qe7 Qf7
47. Qe4 Rd8 48. Qe2 Qd5 49. Qe7 Qd1+ 50. Kf2 Qd6 51. Qe4 Qc5+ 52. Kg3 Qd5 53.
Qe2 Qd6+ 54. Kh3 Kf7 55. Qc4+ Qe6 56. Qc7+ Rd7 57. Qb8 h5 58. Qh8 hxg4+ 59.
fxg4 Qe4 60. g3 Qh1# 0-1

[Event "Speed Chess (Women) GP1"]
[Site "Chess.com INT"]
[Date "2020.06.26"]
[Round "3.8"]
[White "Gunina, Valentina"]
[Black "Kosteniuk, Alexandra"]
[Result "1-0"]
[WhiteElo "2431"]
[BlackElo "2471"]
[PlyCount "100"]
[EventDate "2020.06.24"]
[EventType "k.o. (blitz)"]
[EventRounds "4"]
[EventCountry "USA"]
[SourceTitle "CBM 197 Extra"]
[Source "ChessBase"]
[SourceDate "2020.09.30"]
[SourceVersion "1"]
[SourceVersionDate "2020.09.30"]
[SourceQuality "1"]

1. d4 Nf6 2. c4 e6 3. Nf3 b6 4. Bf4 Bb7 5. e3 g6 6. Nc3 Bg7 7. Nd2 O-O 8. h4 d6
9. Bg5 h6 10. Bxf6 Qxf6 11. h5 d5 12. cxd5 exd5 13. Qf3 Qe6 14. Bd3 c5 15. Ne2
g5 16. Bf5 Qe7 17. O-O Nd7 18. Nc3 Nf6 19. Rfe1 Rae8 20. Rac1 Bc6 21. b3 Qd6
22. dxc5 bxc5 23. e4 d4 24. Na4 Bxa4 25. bxa4 Nd7 26. Bxd7 Qxd7 27. Nb3 Qxa4
28. Nxc5 Qxa2 29. Nd7 Qe6 30. Nxf8 Bxf8 31. Qd3 Bg7 32. Qb5 Rd8 33. Rc6 Qd7 34.
Qc4 d3 35. Rc7 Qe6 36. Qxe6 fxe6 37. e5 d2 38. Rd1 Bxe5 39. Rc2 Bd4 40. Rcxd2
e5 41. Kf1 Ra8 42. Ra2 a5 43. Ra4 Kf7 44. f3 Ke6 45. Ke2 Kd5 46. Rb1 Kc5 47.
Kd3 Ra7 48. Rc4+ Kd5 49. Rb5+ Kd6 50. Ra4 Rc7 1-0

[Event "Speed Chess (Women) GP1"]
[Site "Chess.com INT"]
[Date "2020.06.26"]
[Round "3.9"]
[White "Kosteniuk, Alexandra"]
[Black "Gunina, Valentina"]
[Result "1-0"]
[WhiteElo "2471"]
[BlackElo "2431"]
[PlyCount "71"]
[EventDate "2020.06.24"]
[EventType "k.o. (blitz)"]
[EventRounds "4"]
[EventCountry "USA"]
[SourceTitle "CBM 197 Extra"]
[Source "ChessBase"]
[SourceDate "2020.09.30"]
[SourceVersion "1"]
[SourceVersionDate "2020.09.30"]
[SourceQuality "1"]

1. Nf3 d5 2. g3 c6 3. Bg2 Bg4 4. O-O Nd7 5. d4 e6 6. h3 Bh5 7. c4 Bd6 8. cxd5
exd5 9. Qb3 Nb6 10. Ne5 Nf6 11. f4 c5 12. g4 cxd4 13. gxh5 O-O 14. Qf3 h6 15.
Nd2 Qe7 16. Nb3 Ne4 17. Nxd4 f5 18. Ng6 Qf6 19. e3 Rfe8 20. Kh2 Nc4 21. Rg1 Bc5
22. Bf1 Bxd4 23. Bxc4 dxc4 24. exd4 Qxd4 25. Rg2 Rad8 26. Be3 Qd3 27. Ne5 Qd5
28. Rag1 Re7 29. Ng6 Red7 30. Ne5 Re7 31. h4 Kh7 32. Qh3 Qe6 33. Rg6 Nf6 34.
Qg2 Rg8 35. Bc5 Rc7 36. Bf8 1-0

[Event "Speed Chess (Women) GP1"]
[Site "Chess.com INT"]
[Date "2020.06.26"]
[Round "3.10"]
[White "Gunina, Valentina"]
[Black "Kosteniuk, Alexandra"]
[Result "1-0"]
[WhiteElo "2431"]
[BlackElo "2471"]
[PlyCount "93"]
[EventDate "2020.06.24"]
[EventType "k.o. (blitz)"]
[EventRounds "4"]
[EventCountry "USA"]
[SourceTitle "CBM 197 Extra"]
[Source "ChessBase"]
[SourceDate "2020.09.30"]
[SourceVersion "1"]
[SourceVersionDate "2020.09.30"]
[SourceQuality "1"]

1. d4 Nf6 2. c4 e6 3. Nf3 b6 4. Bf4 Bb7 5. e3 Bb4+ 6. Nfd2 O-O 7. a3 Be7 8. Bd3
d5 9. Qc2 c5 10. dxc5 Bxc5 11. O-O Nbd7 12. Nc3 Rc8 13. Bg5 Be7 14. cxd5 exd5
15. Nf3 h6 16. Bf4 Nc5 17. Bf5 Ne6 18. Be5 Nd7 19. Bg3 Ndc5 20. Rfd1 Qe8 21.
Qe2 Nb3 22. Rab1 Rd8 23. h3 d4 24. Bxe6 Bxf3 25. gxf3 fxe6 26. Ne4 dxe3 27.
Qxe3 Nc5 28. Rxd8 Qxd8 29. Nxc5 Bxc5 30. Qxe6+ Kh8 31. Qe4 Re8 32. Qg6 Rf8 33.
Kg2 Qd5 34. Qe4 Qf7 35. b4 Be7 36. Rc1 Bd8 37. Rc8 Bf6 38. Rc7 Qb3 39. Rxa7 Qb2
40. Ra8 Rxa8 41. Qxa8+ Kh7 42. Qe4+ Kg8 43. Bc7 Bd4 44. Bg3 b5 45. Qd5+ Kh8 46.
Qxb5 Qxa3 47. Qe8+ 1-0

[Event "Speed Chess (Women) GP1"]
[Site "Chess.com INT"]
[Date "2020.06.26"]
[Round "3.11"]
[White "Kosteniuk, Alexandra"]
[Black "Gunina, Valentina"]
[Result "0-1"]
[WhiteElo "2471"]
[BlackElo "2431"]
[PlyCount "86"]
[EventDate "2020.06.24"]
[EventType "k.o. (blitz)"]
[EventRounds "4"]
[EventCountry "USA"]
[SourceTitle "CBM 197 Extra"]
[Source "ChessBase"]
[SourceDate "2020.09.30"]
[SourceVersion "1"]
[SourceVersionDate "2020.09.30"]
[SourceQuality "1"]

1. Nf3 d5 2. g3 c6 3. Bg2 Bg4 4. O-O Nd7 5. d4 Ngf6 6. h3 Bf5 7. c4 e6 8. Nh4
Be4 9. f3 Bxb1 10. Rxb1 dxc4 11. e4 Be7 12. f4 Qa5 13. f5 e5 14. Bd2 Qb6 15.
Be3 exd4 16. Bxd4 Bc5 17. Bxc5 Qxc5+ 18. Kh2 Ne5 19. Nf3 Nfd7 20. Qc2 Nxf3+ 21.
Rxf3 Ne5 22. Rff1 O-O 23. f6 Rfd8 24. fxg7 Rd3 25. Rf5 Rad8 26. Rbf1 Qd4 27.
Qe2 Rd2 28. Qh5 Qxb2 29. Rg1 Ng6 30. Qg5 Kxg7 31. e5 Kg8 32. Qf6 Rf8 33. h4 Re2
34. h5 Qd2 35. Rg5 Qd8 36. hxg6 hxg6 37. Qf4 Kg7 38. Rf1 Rh8+ 39. Kg1 Qb6+ 40.
Rf2 Re1+ 41. Bf1 Rxf1+ 42. Kxf1 Qb1+ 43. Kg2 Qh1# 0-1

[Event "Speed Chess (Women) GP1"]
[Site "Chess.com INT"]
[Date "2020.06.26"]
[Round "3.12"]
[White "Gunina, Valentina"]
[Black "Kosteniuk, Alexandra"]
[Result "1-0"]
[WhiteElo "2431"]
[BlackElo "2471"]
[PlyCount "61"]
[EventDate "2020.06.24"]
[EventType "k.o. (blitz)"]
[EventRounds "4"]
[EventCountry "USA"]
[SourceTitle "CBM 197 Extra"]
[Source "ChessBase"]
[SourceDate "2020.09.30"]
[SourceVersion "1"]
[SourceVersionDate "2020.09.30"]
[SourceQuality "1"]

1. d4 Nf6 2. c4 e6 3. Nf3 b6 4. g3 Bb7 5. Bg2 h5 6. O-O Be7 7. Bg5 d6 8. Nc3
Nbd7 9. h4 c6 10. e4 Qc7 11. Qe2 O-O-O 12. e5 dxe5 13. dxe5 Ng8 14. Rfe1 f6 15.
Bf4 f5 16. Ng5 Bxg5 17. Bxg5 Re8 18. Rad1 Ne7 19. Rd6 Ng6 20. f4 Rh7 21. Red1
Ngf8 22. b4 g6 23. Qf2 Kb8 24. a4 a6 25. Rb1 c5 26. bxc5 Nxc5 27. Rdxb6 Kc8 28.
Bxb7+ Nxb7 29. Rxb7 Qxb7 30. Rxb7 Rxb7 31. Qc5+ 1-0

[Event "Speed Chess (Women) GP1"]
[Site "Chess.com INT"]
[Date "2020.06.28"]
[Round "4.1"]
[White "Vaishali, Ramesh Babu"]
[Black "Kosteniuk, Alexandra"]
[Result "0-1"]
[WhiteElo "2393"]
[BlackElo "2471"]
[PlyCount "130"]
[EventDate "2020.06.24"]
[EventType "k.o. (blitz)"]
[EventRounds "4"]
[EventCountry "USA"]
[SourceTitle "CBM 197 Extra"]
[Source "ChessBase"]
[SourceDate "2020.09.30"]
[SourceVersion "1"]
[SourceVersionDate "2020.09.30"]
[SourceQuality "1"]

1. Nf3 Nf6 2. g3 d5 3. Bg2 g6 4. O-O Bg7 5. d4 O-O 6. c4 c6 7. Qb3 dxc4 8. Qxc4
Bf5 9. Nc3 Nbd7 10. Qb3 Qb6 11. Qa3 Rfe8 12. Bf4 Bf8 13. Qb3 Qxb3 14. axb3 Bc2
15. b4 a6 16. Nd2 e5 17. dxe5 Nxe5 18. Rfc1 Bf5 19. b5 Nfd7 20. bxa6 bxa6 21.
Na4 Rab8 22. Bxc6 Nxc6 23. Rxc6 Rb4 24. e4 Bxe4 25. Nxe4 Rexe4 26. Rxa6 Nc5 27.
Ra8 Rxa4 28. R1xa4 Rxa4 29. Rxf8+ Kxf8 30. Bd6+ Ke8 31. Bxc5 Rc4 32. b4 g5 33.
Kg2 g4 34. h3 h5 35. hxg4 hxg4 36. Bd6 Kd7 37. Bc5 Ke6 38. Bf8 Rc2 39. Bc5 Kd5
40. Be3 Rb2 41. Bc5 Ke4 42. Bf8 f5 43. Bd6 Kd3 44. Bc5 Ke2 45. Be7 Ke1 46. Bc5
Rb3 47. Be7 Rb1 48. Bc5 Rb2 49. Kg1 Ke2 50. Kg2 Rb3 51. Bd6 Kd3 52. Bc5 Ke4 53.
Bd6 Rb1 54. Bf8 Rb2 55. Bd6 Rb3 56. Bf8 Rf3 57. Bc5 Kd5 58. Bf8 Kc6 59. Bc5 Kb5
60. Bd6 Kc4 61. Bc5 Kd3 62. b5 Kc4 63. Be3 Kxb5 64. Kf1 Kc4 65. Ke2 Kc3 0-1

[Event "Speed Chess (Women) GP1"]
[Site "Chess.com INT"]
[Date "2020.06.28"]
[Round "4.2"]
[White "Kosteniuk, Alexandra"]
[Black "Vaishali, Ramesh Babu"]
[Result "1-0"]
[WhiteElo "2471"]
[BlackElo "2393"]
[PlyCount "73"]
[EventDate "2020.06.24"]
[EventType "k.o. (blitz)"]
[EventRounds "4"]
[EventCountry "USA"]
[SourceTitle "CBM 197 Extra"]
[Source "ChessBase"]
[SourceDate "2020.09.30"]
[SourceVersion "1"]
[SourceVersionDate "2020.09.30"]
[SourceQuality "1"]

1. e4 e5 2. Nf3 Nc6 3. Bb5 a6 4. Ba4 Nf6 5. O-O Be7 6. d3 b5 7. Bb3 d6 8. a3
O-O 9. Nc3 Bg4 10. Be3 Nd4 11. Bxd4 exd4 12. Nd5 c5 13. h3 Bh5 14. a4 Nxd5 15.
Bxd5 Rb8 16. axb5 axb5 17. Ra7 Kh8 18. g4 Bg6 19. Kg2 f6 20. Nh4 Bf7 21. Nf5
Bxd5 22. exd5 Re8 23. Re1 Bf8 24. Re6 g6 25. Rxe8 Qxe8 26. Ng3 Qe5 27. Qf3 c4
28. Qe4 Re8 29. f4 Qxe4+ 30. Nxe4 f5 31. Rxh7+ Kxh7 32. Nf6+ Kg7 33. Nxe8+ Kf7
34. Nc7 cxd3 35. cxd3 Ke7 36. Nxb5 Bg7 37. Nc7 1-0

[Event "Speed Chess (Women) GP1"]
[Site "Chess.com INT"]
[Date "2020.06.28"]
[Round "4.3"]
[White "Vaishali, Ramesh Babu"]
[Black "Kosteniuk, Alexandra"]
[Result "1-0"]
[WhiteElo "2393"]
[BlackElo "2471"]
[PlyCount "97"]
[EventDate "2020.06.24"]
[EventType "k.o. (blitz)"]
[EventRounds "4"]
[EventCountry "USA"]
[SourceTitle "CBM 197 Extra"]
[Source "ChessBase"]
[SourceDate "2020.09.30"]
[SourceVersion "1"]
[SourceVersionDate "2020.09.30"]
[SourceQuality "1"]

1. e4 e5 2. Nf3 Nc6 3. Bb5 a6 4. Ba4 Nf6 5. d3 d6 6. c4 g6 7. Nc3 Bg7 8. Be3
O-O 9. O-O Bg4 10. Bxc6 bxc6 11. h3 Bxf3 12. Qxf3 Nd7 13. Qe2 f5 14. f4 exf4
15. Bxf4 Rb8 16. exf5 Rxf5 17. Bg3 Qe8 18. Qd2 Bd4+ 19. Kh1 Qe3 20. Qxe3 Bxe3
21. Rxf5 gxf5 22. Rf1 Nc5 23. b3 Nxd3 24. Rxf5 Re8 25. Bh4 Bd4 26. Rf3 Nc1 27.
Bf6 Re1+ 28. Kh2 c5 29. Nd5 c6 30. Ne7+ Kf7 31. Bh4+ Ke8 32. Bxe1 Kxe7 33. Bf2
Nxa2 34. g4 Nc3 35. g5 Ne4 36. Bxd4 cxd4 37. h4 a5 38. Kh3 d5 39. cxd5 c5 40.
Kg4 a4 41. bxa4 c4 42. Kf4 Nc5 43. Ke5 d3 44. Kd4 Nb3+ 45. Kc3 Na5 46. Re3+ Kd6
47. h5 Kxd5 48. g6 hxg6 49. hxg6 1-0